000 00637cam a22002293a 4500
001 18452
003 PGUSA
005 20140828083407.0
008 060526s2006||||xxu|||||s|||||000 | eng d
040 _aPGUSA
_beng
042 _adc
050 4 _aQK
100 1 _aBurgin, Caroline A.
245 1 0 _aAmong the Mushrooms :
_bA Guide For Beginners
_h[electronic resource] /
_cCaroline A. Burgin
260 _bProject Gutenberg,
_c2006
506 _aPublic domain in the USA.
516 _aElectronic text
653 _aMushrooms
830 0 _aProject Gutenberg
_v18452
856 4 0 _uhttp://www.gutenberg.org/ebooks/18452
942 _cEB
999 _c247707
_d247707